000 00716nam a2200181Ia 4500
008 151018s9999 xx 000 0 und d
082 _bRBASDV9349
_a30
100 _aगं र भिडे
245 _aअभिनव मराठी ज्ञानकोश १ ला अ ते अभोगी
250 _b1
260 _bके.रा.कुलकर्णी
_c1963
300 _a407
600 _aगं र भिडे
630 _aअभिनव मराठी ज्ञानकोश १ ला अ ते अभोगी
700 _aगं र भिडे
730 _aअभिनव मराठी ज्ञानकोश १ ला अ ते अभोगी
942 _cBOOK
999 _c1011713
_d1011710